Most Common First Names In The U.S. - Statistics

General Stats
  • This quiz has been taken 347 times
  • The average score is 27 of 50
Answer Stats
Letter Name % Male % Correct
J John 99.6
95%
J Jonathan 99.6
95%
M Michael 99.5
93%
W William 99.6
92%
J James 99.5
91%
D David 99.6
84%
R Robert 99.6
81%
T Thomas 99.6
80%
M Matthew 99.7
75%
R Richard 99.6
75%
D Daniel 99.6
74%
M Mary 0.3
72%
C Charles 99.5
70%
P Paul 99.6
70%
C Christopher 99.5
69%
M Mark 99.7
69%
J Joseph 99.6
67%
A Andrew 99.6
63%
K Kevin 99.5
57%
S Steven 99.6
56%
J Jennifer 0.3
54%
E Elizabeth 0.3
52%
J Joshua 99.6
51%
B Benjamin 99.7
50%
S Sarah 0.3
50%
J Jacob 99.8
48%
N Nicholas 99.7
47%
T Timothy 99.6
47%
B Brian 99.6
46%
P Patricia 0.3
45%
J Jason 99.5
44%
E Eric 99.5
43%
K Kenneth 99.5
43%
E Emily 0.2
42%
J Jessica 0.3
42%
L Lisa 0.3
40%
R Ryan 97.2
40%
J Justin 99.5
38%
A Anthony 99.5
37%
S Susan 0.2
37%
J Jeffrey 99.6
36%
B Barbara 0.2
31%
K Karen 0.3
31%
M Michelle 0.4
30%
K Kimberly 0.5
28%
L Linda 0.2
28%
A Amanda 0.3
25%
A Ashley 1.5
20%
B Brandon 99.5
20%
M Melissa 0.3
19%
No matching quizzes found
Score Distribution
Percent of People with Each Score
Percentile by Number Answered
Your Score History
You have not taken this quiz